<?xml version="1.0" encoding="UTF-8"?>
<marc:record xmlns:marc="http://www.loc.gov/MARC21/slim">
   <marc:leader>00000nam a2200000 a 4500</marc:leader>
   <marc:datafield ind1="1" ind2=" " tag="100">
      <marc:subfield code="a">Engst, Judith</marc:subfield>
      <marc:subfield code="4">aut</marc:subfield>
      <marc:subfield code="e">Verfasser/-in</marc:subfield>
   </marc:datafield>
   <marc:datafield ind1=" " ind2=" " tag="653">
      <marc:subfield code="a">Softcover / Sachbücher/Politik</marc:subfield>
   </marc:datafield>
   <marc:datafield ind1=" " ind2=" " tag="653">
      <marc:subfield code="a">Gesellschaft</marc:subfield>
   </marc:datafield>
   <marc:datafield ind1=" " ind2=" " tag="653">
      <marc:subfield code="a">Wirtschaft/Geld</marc:subfield>
   </marc:datafield>
   <marc:datafield ind1=" " ind2=" " tag="653">
      <marc:subfield code="a">Bank</marc:subfield>
   </marc:datafield>
   <marc:datafield ind1=" " ind2=" " tag="653">
      <marc:subfield code="a">Börse</marc:subfield>
   </marc:datafield>
   <marc:datafield ind1="0" ind2="0" tag="245">
      <marc:subfield code="a">Finanzielles Fasten</marc:subfield>
   </marc:datafield>
   <marc:datafield ind1="0" ind2="0" tag="245">
      <marc:subfield code="b">wie Sie endlich unnütze Ausgaben vermeiden, Geld sparen und ihr Leben positiv verändern</marc:subfield>
   </marc:datafield>
   <marc:datafield ind1="0" ind2="0" tag="245">
      <marc:subfield code="c">Judith Engst</marc:subfield>
   </marc:datafield>
   <marc:datafield ind1=" " ind2="1" tag="264">
      <marc:subfield code="a">München</marc:subfield>
      <marc:subfield code="b">FBV</marc:subfield>
      <marc:subfield code="c">2020</marc:subfield>
   </marc:datafield>
   <marc:datafield ind1=" " ind2=" " tag="250">
      <marc:subfield code="a">Originalausgabe, 1. Auflage</marc:subfield>
   </marc:datafield>
   <marc:datafield ind1="1" ind2=" " tag="520">
      <marc:subfield code="a">Angaben aus der Verlagsmeldung

Finanzielles Fasten : Wie Sie endlich unnütze Ausgaben vermeiden, Geld sparen und ihr Leben verändern / von Judith Engst

Das neue Jahr beginnt stets mit guten Vorsätzen von denen die Hälfte kaum den 2.Januar erlebt. Zeit für ein für ein paar Ideen, die ohne Mühe oder Verzicht helfen dem eigenen Leben eine positive Wendung zu geben, mehr Zeit zu haben und auch noch Geld zu sparen: Finanzielles Fasten. Es ist gerade keine Anleitung zum Konsumverzicht. Im Vordergrund stehen praktisch und leicht umsetzbare Tipps, um unnötige Ausgaben zu vermeiden, Zeitfresser und Bürokratiemonster (Versicherungen, Finanzen und Steuern) zu bändigen oder auch nur lästige Einkäufe möglichst auf ein Minimum zu reduzieren.

Mit der gewonnen Zeit und dem gesparten Geld lassen sich wiederum ganz entspannt auch die Themen Vermögensaufbau, Immobilien und das Thema Vorsorge angehen – mit minimalem Einsatz und maximalem Effekt. Und selbst wer nur einen Teil der über 100 Tipps &amp; Tricks beherzigt – die positiven Folgen für Leben und Geldbeutel werden dennoch spürbar sein.
</marc:subfield>
   </marc:datafield>
   <marc:datafield ind1=" " ind2=" " tag="020">
      <marc:subfield code="a">9783959722742</marc:subfield>
      <marc:subfield code="9">9783959722742</marc:subfield>
   </marc:datafield>
   <marc:datafield ind1=" " ind2=" " tag="020">
      <marc:subfield code="a">3959722745</marc:subfield>
      <marc:subfield code="9">3959722745</marc:subfield>
   </marc:datafield>
   <marc:datafield ind1=" " ind2=" " tag="041">
      <marc:subfield code="a">ger</marc:subfield>
   </marc:datafield>
   <marc:datafield ind1=" " ind2=" " tag="300">
      <marc:subfield code="a">205 Seiten</marc:subfield>
   </marc:datafield>
</marc:record>
